000 00694nam a22001937a 4500
003 BUBTL
008 190406b xxu||||| |||| 00| 0 eng d
020 _a984-555-169-6
082 _a891.441 / N2392n
110 _92965
_aনজরুল ইন্সটিটিউট
245 _aনজরুলের কবিতা সমগ্র /
_cনজরুল ইন্সটিটিউট
250 _a1st ed.
260 _aঢাকা :
_bনজরুল ইন্সটিটিউট
_cc2015.
300 _a1088 p. :
_c22 cm.
650 0 _91692
_aবাংলা সাহিত্য
856 _k0
_l0
_yDownload
942 _2ddc
_cBK
999 _c5956
_d5956